Marketing

Saved in:
Bibliographic Details
Main Author: Evans, Joel R.
Other Authors: Berman, Barry
Format: Book
Language:English
Published: New York MacMillan Publ. Co. 1990
Edition:4. ed.
Subjects:
Tags: Add Tag
No Tags, Be the first to tag this record!

MARC

LEADER 00000nam a2200000 4500
001 c001020
005 20221206123015.6
020 |a 0-02-334401-6 
041 0 |a eng 
044 |a US 
245 1 0 |a Marketing  |c Joel R. Evans, Barry Berman 
250 |a 4. ed. 
264 1 |a New York  |b MacMillan Publ. Co.  |c 1990 
300 |a 780 s.  |e príl. 
610 2 0 |a marketing 
610 2 0 |a spotrebitelia 
610 2 0 |a plánovanie výroby 
610 2 0 |a rozdeľovanie 
610 2 0 |a obchod 
610 2 0 |a reklama 
610 2 0 |a plánovanie 
610 2 0 |a ceny 
610 2 0 |a trh medzinárodný 
610 2 0 |a manažment 
100 1 |a Evans, Joel R. 
700 1 |a Berman, Barry